Giáo trình xử lý dữ liệu nghiên cứu với SPSS for windows

Na minha lista:
Detalhes bibliográficos
Autor principal:  Nguyễn, Minh Tuấn
Formato: Giáo trình
Idioma:Undetermined
Publicado em: Đại học Công nghiệp TP. Hồ Chí Minh  2008
Assuntos:
Tags: Adicionar Tag
Sem tags, seja o primeiro a adicionar uma tag!
Thư viện lưu trữ: Trung tâm Thư viện - Trường Đại học Công nghiệp TP. Hồ Chí Minh
LEADER 00643nam a2200157Ia 4500
001 UIH_08101
008 231011s9999 xx 000 0 und d
082 |a  005.55 
100 |a  Nguyễn, Minh Tuấn 
245 0 |a  Giáo trình xử lý dữ liệu nghiên cứu với SPSS for windows 
245 0 |c  Nguyễn, Minh Tuấn 
260 |b Đại học Công nghiệp TP. Hồ Chí Minh 
260 |c  2008 
650 |a  Xử lý dữ liệu; SPSS (Chương trình thống kê);  
927 |a Giáo trình 
980 |a Trung tâm Thư viện - Trường Đại học Công nghiệp TP. Hồ Chí Minh